Las academias literarias en la segunda mitad del siglo XVII : (Record no. 188625)

MARC details
000 -LEADER
campo de control de longitud fija 01872nam a2200313 i 4500
001 - NÚMERO DE CONTROL
campo de control 188625
003 - IDENTIFICADOR DE NÚMERO DE CONTROL
campo de control SpMaBN
005 - FECHA Y HORA DE LA ÚLTIMA TRANSACCIÓN
campo de control 20250729063251.0
008 - DATOS DE LONGITUD FIJA--INFORMACIÓN GENERAL
campo de control de longitud fija 190114s2007 sp b |||| | spa d
020 ## - NÚMERO INTERNACIONAL ESTÁNDAR DEL LIBRO
Número Internacional Estándar del Libro 978-84-88699-99-2
080 ## - NÚMERO DE LA CLASIFICACIÓN DECIMAL UNIVERSAL
Número de la Clasificación Decimal Universal 017.1(460.27 M.)
080 ## - NÚMERO DE LA CLASIFICACIÓN DECIMAL UNIVERSAL
Número de la Clasificación Decimal Universal 016:094"16"
080 ## - NÚMERO DE LA CLASIFICACIÓN DECIMAL UNIVERSAL
Número de la Clasificación Decimal Universal 016:821.134.2-1"16"
100 1# - ENTRADA PRINCIPAL--NOMBRE DE PERSONA
Nombre de persona Bègue, Alain,
Fechas asociadas al nombre 1974-
Término indicativo de función/relación Autor
9 (RLIN) 165957
245 14 - MENCIÓN DEL TÍTULO
Título Las academias literarias en la segunda mitad del siglo XVII :
Resto del título catálogo descriptivo de los impresos de la Biblioteca Nacional de España /
Mención de responsabilidad, etc. por Alain Bègue
260 ## - PUBLICACIÓN, DISTRIBUCIÓN, ETC.
Lugar de publicación, distribución, etc. Madrid :
Nombre del editor, distribuidor, etc. Biblioteca Nacional,
Fecha de publicación, distribución, etc. 2007
300 ## - DESCRIPCIÓN FÍSICA
Extensión 380 páginas ;
Dimensiones 25 cm
500 ## - NOTA GENERAL
Nota general Índices
504 ## - NOTA DE BIBLIOGRAFÍA, ETC.
Nota de bibliografía, etc. Bibliografía: páginas 51-56
520 ## - RESUMEN, ETC.
Sumario, etc. La elaboración de este catálogo, compilado por Alain Bègue, intenta responder a una triple demanda: ofrecer un punto de partida para el estudio de una época olvidada de la historia de la literatura española, estudiar la evolución de los discursos poéticos entre las estéticas barroca y neoclásica y, por fin, hacerse cargo de la muy fértil producción de los poetas de academia, para, más allá de los caducos prejuicios estéticos que otrora la consideraron una suerte de infraliteratura, integrar la edición y estudio de estos textos en el lugar que ocuparon en la historia de la poesía española a lo largo de casi media centuria
586 ## - NOTA DE PREMIOS
Nota de premios Premio de Bibliografía 2007, Biblioteca Nacional
650 #7 - PUNTO DE ACCESO ADICIONAL DE MATERIA--TÉRMINO DE MATERIA
Término de materia o nombre geográfico como elemento de entrada Libros antiguos-
Subdivisión geográfica Biblioteca Nacional de España-
Subdivisión de forma Catálogos
9 (RLIN) 149480
650 #7 - PUNTO DE ACCESO ADICIONAL DE MATERIA--TÉRMINO DE MATERIA
Término de materia o nombre geográfico como elemento de entrada Poesía española-
Subdivisión cronológica S.XVI-XVII-
Subdivisión de forma Bibliografías
9 (RLIN) 165958
710 2# - ENTRADA AGREGADA--NOMBRE DE ENTIDAD CORPORATIVA
Nombre de entidad corporativa o nombre de jurisdicción como elemento de entrada Biblioteca Nacional (España)
Término indicativo de función/relación Editor
9 (RLIN) 2188
852 ## - LOCALIZACIÓN
Ubicación ES-MaACL
Sublocalización o colección R.151567
Ubicación en estantería Depósito 1
Signatura antigua Olim: N-7295
Donativo/Legado Donación Biblioteca Nacional de España
Número de control de estantería A-14295
itemnumber 195756
942 ## - ELEMENTOS DE ENTRADA SECUNDARIOS (KOHA)
Fuente del sistema de clasificación o colocación Clasificación decimal universal
Tipo de ítem Koha Libro impreso
Suprimir en OPAC No
Holdings
Estatus retirado Estado de pérdida Fuente del sistema de clasificación o colocación Estado de daño No para préstamo Biblioteca de origen Biblioteca actual Ubicación en estantería Fecha de adquisición Fuente de adquisición Total de préstamos Signatura topográfica completa Código de barras Visto por última vez Tipo de ítem Koha
    Clasificación decimal universal     Biblioteca del Ateneo de Madrid Biblioteca del Ateneo de Madrid Depósito 1 14/01/2019 Donación   A-14295 1199615 23/02/2023 Libro impreso